000 00659nam a2200193 i 4500
001 47260
003 ES-MaACL
005 20230906161529.0
007 t|
008 030404s1967 sp ||||1| spa d
100 1 _aCoon, Carlenton S.
_940375
245 1 4 _aLas siete cuevas
_b: aventuras de un antropólogo en busca del pasado /
_cCarlenton S. Coon ; [traducción de Mireia Bofill y José Mª Balil Giró].
250 _a1ª ed.
260 _aBarcelona :
_bLabor,
_c[1967]
300 _aXIV, 314 p., 16 lám. :
_bil. ;
_c22 cm.
700 1 _aBofill, Mireia.
_929779
700 1 _aBalil Giró, José María.
_924940
852 _aES-MaACL
_jC-34056
_bR.64556
999 _c47260
_d47260